[Event "Regionalliga NO 1213"]
[Site "Bayern"]
[Date "2012.12.09"]
[Round "4.1"]
[White "Kues, Manuel"]
[Black "Klek, Hanna Marie"]
[Result "0-1"]
[WhiteElo "1944"]
[BlackElo "2271"]
[PlyCount "62"]
[EventDate "2012.10.14"]
[EventType "team-tourn"]
[EventRounds "9"]
[EventCountry "GER"]
[SourceTitle "EXT 2015"]
[Source "ChessBase"]
[SourceDate "2014.11.20"]
[SourceVersion "1"]
[SourceVersionDate "2014.11.20"]
[SourceQuality "1"]
[WhiteTeam "Kareth Lappersdorf II"]
[BlackTeam "Erlangen"]
[WhiteTeamCountry "GER"]
[BlackTeamCountry "GER"]

1. e4 e5 2. Nf3 Nc6 3. Bc4 Bc5 4. b4 Bxb4 5. c3 Be7 6. d4 Na5 7. Nxe5 Nxc4 8. Nxc4 d5 9. exd5 Qxd5 10. Ne3 Qd8 11. 0-0 Nf6 12. Qf3 0-0 13. Rd1 c6 14. c4 Re8 15. Nc3 Qa5 16. Bb2 Bd7 17. d5 Bc5 18. Nf5 Bxf5 19. Qxf5 Qb4 20. dxc6 Qxb2 21. cxb7 Rab8 22. Na4 Qe5 23. Qf3 Bd4 24. Rab1 Ne4 25. Rb5 Nd2 26. Rxe5 Nxf3+ 27. gxf3 Bxe5 28. Rd7 Rbd8 29. Nc5 Kf8 30. Rxd8 Rxd8 31. Na6 Ke7 0-1

[Event "Nittenau-ch 12th"]
[Site "Nittenau"]
[Date "2012.09.15"]
[Round "2"]
[White "Klemp, Soeren"]
[Black "Kues, Manuel"]
[Result "1/2-1/2"]
[WhiteElo "1683"]
[BlackElo "1975"]
[PlyCount "61"]
[EventDate "2012.09.14"]
[EventType "swiss"]
[EventRounds "5"]
[EventCountry "GER"]
[SourceTitle "EXT 2022"]
[Source "ChessBase"]
[SourceDate "2021.10.06"]
[SourceVersion "1"]
[SourceVersionDate "2021.10.06"]
[SourceQuality "1"]

1. e4 c5 2. Nc3 e6 3. f4 d5 4. e5 f6 5. Qg4 Nh6 6. Qd1 Be7 7. Nf3 0-0 8. g3 Nc6 9. Bg2 fxe5 10. fxe5 a6 11. 0-0 Qc7 12. Qe2 Ng4 13. d3 Ngxe5 14. Bf4 Bd6 15. Nxe5 Bxe5 16. Nxd5 Qd6 17. Bxe5 Nxe5 18. Nc3 Nc6 19. Rxf8+ Kxf8 20. Rf1+ Kg8 21. Qh5 Bd7 22. Qf7+ Kh8 23. Ne4 Qd4+ 24. Kh1 h6 25. Qh5 Kg8 26. c3 Qxd3 27. Rd1 Qe3 28. Qxc5 Qxc5 29. Nxc5 Be8 30. Nxe6 Bf7 31. Nc7 1/2-1/2

[Event "Oberpfalz-ch M1"]
[Site "Regensburg"]
[Date "2011.04.19"]
[Round "8"]
[White "Kues, Manuel"]
[Black "Maurer, Heinrich"]
[Result "1/2-1/2"]
[WhiteElo "2006"]
[BlackElo "2171"]
[PlyCount "84"]
[EventDate "2011.04.16"]
[EventType "swiss"]
[EventRounds "8"]
[EventCountry "GER"]
[SourceTitle "EXT 2022"]
[Source "ChessBase"]
[SourceDate "2021.10.06"]
[SourceVersion "1"]
[SourceVersionDate "2021.10.06"]
[SourceQuality "1"]

1. e4 c5 2. Nf3 e6 3. d4 cxd4 4. Nxd4 Nc6 5. Nc3 Nf6 6. Be2 Bb4 7. f3 d5 8. exd5 Nxd5 9. Nxc6 bxc6 10. Bd2 Nxc3 11. Bxc3 Bxc3+ 12. bxc3 Qxd1+ 13. Rxd1 Rb8 14. Bc4 Ke7 15. Kf2 c5 16. Ke3 Bd7 17. Rd2 Bc6 18. Rhd1 Rhd8 19. Kf4 Rxd2 20. Rxd2 Rb1 21. Ke3 a5 22. g3 a4 23. f4 a3 24. Kd3 Rb8 25. Ke3 Ra8 26. Rd1 Rb8 27. Rd2 h5 28. Ke2 Rb1 29. Kd3 Rb8 30. Ke3 h4 31. g4 h3 32. f5 Rb1 33. fxe6 fxe6 34. Kf4 Re1 35. Re2 Rf1+ 36. Kg5 Rf6 37. Kh4 Bg2 38. Re3 Kd6 39. Kg3 g5 40. Rd3+ Ke7 41. Re3 Kd6 42. Rd3+ Ke7 1/2-1/2

[Event "Oberpfalz-ch M1"]
[Site "Regensburg"]
[Date "2011.04.16"]
[Round "1"]
[White "Riedl, Maximilian"]
[Black "Kues, Manuel"]
[Result "1/2-1/2"]
[WhiteElo "2038"]
[BlackElo "2006"]
[PlyCount "64"]
[EventDate "2011.04.16"]
[EventType "swiss"]
[EventRounds "8"]
[EventCountry "GER"]
[SourceTitle "EXT 2022"]
[Source "ChessBase"]
[SourceDate "2021.10.06"]
[SourceVersion "1"]
[SourceVersionDate "2021.10.06"]
[SourceQuality "1"]

1. d4 Nf6 2. Nf3 g6 3. Nbd2 Bg7 4. e4 d6 5. Bd3 0-0 6. 0-0 Nbd7 7. c3 e5 8. Nc4 d5 9. Ncd2 exd4 10. e5 Nh5 11. cxd4 Nf4 12. Bb1 c5 13. Nb3 Ne6 14. Re1 cxd4 15. Nbxd4 a6 16. a3 Qc7 17. Ba2 Nxe5 18. Nxe5 Bxe5 19. Nf3 Bg7 20. Qxd5 Bd7 21. Ne5 Rad8 22. Nxd7 Rxd7 23. Qe4 Nc5 24. Qe2 Nd3 25. Rd1 Rfd8 26. Bg5 Nf4 27. Bxf4 Rxd1+ 28. Rxd1 Rxd1+ 29. Qxd1 Qxf4 30. g3 Qc7 31. b4 Bb2 32. Qb3 Bf6 1/2-1/2